000 00878nam0a22002651 4500
001 RU\NLR\INFOCOMM10\ROSSICA\1000010528
005 20250613184923.0
035 _a(NLR Aleph) 009876812
090 _a10451567
_c10451567
100 _a20030714d1887 |||y0rusy50 ca
101 1 _afre
102 _aRU
105 _ay ||||000ay
200 1 _aDiscours dédiés á la mémoire du président de la société Dr.Ch.de Renard, prononcés á la société Dr.Ch.de Renard, prononcés á la séance annuelle de la Société Imp.des Naturalistes de Moscou, le 3 Oct.1886
_fTraduits par J.F.Dumouchel
210 _aMoscou
_d1887
215 _d
600 1 _aRenard
_bCh.de
_2PSBO
702 1 _aDumouchel
_bJ.F.
_4730
801 1 _aRU
_bInfoComm
_c20030714
801 0 _aRU
_bNLR
_gPSBO
852 _aNLR
_j12.53.7.190
942 _cBOOK
980 _aNB
980 _aRossica